Vida útil economica e renovacáo de frotas

Guardado en:
Detalles Bibliográficos
Formato: Libro
Lenguaje:portugués
Publicado: Sao Paulo Scania 1990
Materias:
Etiquetas: Agregar Etiqueta
Sin Etiquetas, Sea el primero en etiquetar este registro!

MARC

LEADER 00000nam a2200000 a 4500
001 UCV4799
003 CL-VaPUC
008 930422e19900000BL |||||||||||||||||por|d
082 0 4 |a 629.287  |b VID  |2 21 
245 1 0 |a Vida útil economica e renovacáo de frotas 
300 |a 62 p 
942 |c BK 
945 |d 19930422 00:00:00 
260 |a Sao Paulo  |b Scania  |c 1990 
650 0 |a Vehículos de motor  |9 428686 
650 7 |a MANTENIMIENTO Y REPARACION  |2 CL-VaPUC  |9 260850 
650 7 |a CAMIONES  |2 CL-VaPUC  |9 298991 
583 |a last modification  |c 20120511 07:08:57  |k Rodrigo Vera 
999 |c 211474  |d 211472 
952 |0 0  |1 0  |4 0  |6 629_287000000000000_VID_1990  |7 0  |8 A  |9 190829  |a BIBING  |b BIBING  |d 2019-11-14  |i 2584867  |o 629.287 VID 1990  |p 2584867  |r 2025-01-20  |w 2019-11-14  |y BK  |k TRA